[Event "RUS-Cup1 Chigorin mem"]
[Site "St Petersburg"]
[Date "1996.??.??"]
[Round "9"]
[White "Burmakin, Vladimir"]
[Black "Vysochin, Spartak"]
[Result "1/2-1/2"]
[WhiteElo "2505"]
[BlackElo "2480"]

1.d4 d5 2.c4 c6 3.Nf3 Nf6 4.Qc2 Bg4 5.Ne5 e6 6.Nxg4 Nxg4 7.Nc3 Bd6 8.e4 dxe4
9.Qxe4 Nf6 10.Qf3 Nbd7 11.Be3 O-O 12.Bd3 e5 13.O-O-O exd4 14.Bxd4 Qc7 15.Ne4 Be5
16.Bxe5 Qxe5 17.Nd6 Nc5 18.Bc2 Rad8 19.Rhe1 Qg5+ 20.Kb1 a5 21.h4 Qxh4 22.Qf5 b6
23.Rh1 g6 24.Rxh4 gxf5 25.Bxf5 Ne6 26.Bc2 Rd7 27.Nf5 Rfd8 28.Rdh1 Nf8 29.f3 h5
30.g4 Ng6 31.R4h2 hxg4 32.Nh6+ Kf8 33.fxg4 Rd2 34.Rxd2 Rxd2 35.Rf1 Rh2 36.g5 Ne5
37.b3 Nfg4 38.Nxg4 Nxg4 39.Rf4 Ne5 40.Rf5 Re2 41.Kc1 Nd7 42.g6 Re7 43.Kd2 Kg7
44.gxf7 Rxf7 45.Rg5+ Kf8 46.Be4 Rf6  1/2-1/2

[Event "RUS-Cup1 Chigorin mem"]
[Site "St Petersburg"]
[Date "1996.??.??"]
[Round "9"]
[White "Biriukov, Nikolai"]
[Black "Budko, S."]
[Result "1-0"]
[WhiteElo "2290"]
[BlackElo "2230"]

1.d4 d5 2.c4 c6 3.Nf3 dxc4 4.e3 b5 5.a4 e6 6.Nc3 b4 7.Ne4 Nf6 8.Nxf6+ gxf6
9.Bxc4 Ba6 10.Bxa6 Nxa6 11.e4 c5 12.Qe2 Nc7 13.Be3 cxd4 14.Nxd4 Bg7 15.Rd1 Qc8
16.Rc1 Qb7 17.Qg4 Kf8 18.O-O h5 19.Qg3 Ne8 20.Nc6 Kg8 21.a5 a6 22.Rfd1 Kh7
23.Qh4 Kg8 24.e5 Rh7 25.Nd8 Qb5 26.Qe4 Rb8 27.Nc6 Qb7 28.Rc4 f5 29.Qf3 Nc7
30.Rxb4 Nb5 31.Nxb8 Qxb8 32.Bb6 Qxe5 33.Rd8+ Bf8 34.Qg3+ Qxg3 35.hxg3 Kg7
36.Rxb5 axb5 37.a6 Be7 38.a7 Bxd8 39.Bxd8  1-0

[Event "Rilton Cup 96/97"]
[Site "Stockholm"]
[Date "1996.??.??"]
[Round "2"]
[White "Sjodin, Bengt"]
[Black "Khenkin, Igor"]
[Result "0-1"]
[WhiteElo "2175"]
[BlackElo "2575"]

1.d4 d5 2.Nf3 c6 3.c4 dxc4 4.Nc3 b5 5.e4 Nf6 6.e5 Nd5 7.a4 e6 8.axb5 Nxc3
9.bxc3 cxb5 10.Ng5 Bb7 11.Qh5 g6 12.Qg4 Be7 13.Be2 h5 14.Qg3 Bd5 15.Bf3 Nc6
16.Ne4 h4 17.Qg4 Rh5 18.O-O a5 19.Qh3 Rh8 20.Qg4 Rh5 21.Qh3 Rh8 22.Qg4 Kf8
23.Qf4 Kg7 24.Re1 b4 25.Nd6 Bxd6 26.Bxd5 exd5 27.exd6 Qf6 28.Qg4 Qxd6 29.Bf4 Qd8
30.Bg5 Qc8 31.Qf3 Qf5 32.Bf4 Rhe8 33.g4 hxg3 34.hxg3 b3 35.g4 Qd3 36.Qxd5 b2  0-1

[Event "Rilton Cup 96/97"]
[Site "Stockholm"]
[Date "1996.??.??"]
[Round "5"]
[White "Carlson, Mats"]
[Black "Khenkin, Igor"]
[Result "0-1"]
[WhiteElo "2290"]
[BlackElo "2575"]

1.d4 d5 2.c4 c6 3.Nf3 dxc4 4.e4 b5 5.Nc3 Nf6 6.e5 Nd5 7.Ng5 Bf5 8.Nxf7 Kxf7
9.Qf3 Ke6 10.g4 Bc2 11.Bh3 g6 12.Ne4 Bxe4 13.Qxe4 Kd7 14.a4 e6 15.axb5 Qh4  0-1

[Event "SUI-chT"]
[Site "SUI"]
[Date "1996.??.??"]
[Round "2"]
[White "Huss, Andreas"]
[Black "Domont, Alexandre"]
[Result "0-1"]
[WhiteElo "2365"]
[BlackElo "2355"]

1.d4 d5 2.c4 c6 3.Nf3 dxc4 4.e3 b5 5.a4 e6 6.axb5 cxb5 7.b3 a5 8.bxc4 Bb4+
9.Bd2 Bxd2+ 10.Nbxd2 b4 11.Ne5 Nf6 12.Qf3 Ra7 13.Bd3 Bb7 14.Qh3 Nc6 15.Ndf3 Nxe5
16.Nxe5 Nd7 17.Nxd7 Qxd7 18.O-O h6 19.Rfb1 O-O 20.d5 Qd6 21.e4 exd5 22.exd5 Re8
23.Re1 Raa8 24.Rxe8+ Rxe8 25.Qf5 g6 26.Qg4 b3 27.Qd4 Qb4 28.Bf1 a4 29.Qb2 Kh7
30.Ra3 Ba6 31.d6 Bxc4  0-1

[Event "SUI-chT"]
[Site "SUI"]
[Date "1996.??.??"]
[Round "3"]
[White "Herzog, Juerg"]
[Black "Pelletier, Yannick"]
[Result "0-1"]
[WhiteElo "2310"]
[BlackElo "2440"]

1.d4 d5 2.c4 c6 3.Nf3 Nf6 4.g3 dxc4 5.Bg2 g6 6.O-O Bg7 7.a4 O-O 8.Na3 Na6
9.Nxc4 Be6 10.Nce5 Bd5 11.Be3 Rc8 12.Ra3 Qb6 13.Bh3 e6 14.Qc1 Qa5 15.Nd2 c5
16.Nec4 Qd8 17.Rd1 Qe7 18.Rc3 Nd7 19.Na3 Nb4  0-1

[Event "SVK-chT9596"]
[Site "?"]
[Date "1996.??.??"]
[Round "6"]
[White "Jurica, Peter"]
[Black "Sedlakova, Ivana"]
[Result "1/2-1/2"]
[WhiteElo "2210"]
[BlackElo "2015"]

1.Nf3 Nf6 2.d4 d5 3.c4 c6 4.g3 e6 5.Bg2 Be7 6.O-O O-O 7.b3 b6 8.Bf4 Nbd7
9.Nc3 Bb7 10.Ne5 Nxe5 11.dxe5 Ne8 12.Qc2 f6 13.Rad1 Qc8 14.e4 dxe4 15.exf6 gxf6
16.Nxe4 e5 17.Bh6 Rf7 18.Qe2 f5 19.Ng5 Rf6 20.Qh5 Rg6 21.Nxh7 Qe6 22.Bc1 Ng7
23.Qh3 Rb8 24.Rfe1 c5 25.Bd5 Bxd5 26.Rxd5 f4 27.Qxe6+ Rxe6 28.Rdxe5 Rxe5
29.Rxe5 Re8 30.Nf6+ Bxf6 31.Rxe8+  1/2-1/2

[Event "SWE-chT 9596"]
[Site "?"]
[Date "1996.??.??"]
[Round "?"]
[White "Schussler, Harry"]
[Black "Hellsten, Johan"]
[Result "1/2-1/2"]
[WhiteElo "2465"]
[BlackElo "2475"]

1.d4 d5 2.c4 c6 3.Nf3 Nf6 4.Qc2 dxc4 5.Qxc4 Bf5 6.g3 e6 7.Bg2 Nbd7 8.O-O Be7
9.Bg5 O-O 10.Nc3 h6 11.Bxf6 Bxf6 12.e4 Bg4 13.e5 Be7 14.Ne4 a5 15.Rac1 a4
16.a3 Qa5 17.Rfe1 Rfd8 18.Qc2 Nf8 19.Rcd1 Bxf3 20.Bxf3 Rxd4 21.Rxd4 Qxe1+
22.Kg2 Qa5 23.Nc3 Qxe5 24.Qd1 Bc5 25.Rd3 Qb8 26.Qc2 Qa7 27.Bd1 Ng6 28.Nxa4 Bd4
29.Nc3 Ne5 30.Rd2 Nc4 31.Rd3 Ne5 32.Rd2 Rd8 33.Ne2 c5 34.Nxd4 cxd4 35.Qc7 Nc6
36.Rc2 Qb8 37.Qb6 d3 38.Rd2 e5 39.Bf3 Re8 40.Bxc6 bxc6 41.Qxb8 Rxb8 42.Rxd3 Rxb2
43.Rc3 Rb6 44.f4 exf4 45.gxf4 f5 46.Rc5 g6 47.h4 h5 48.a4 Kf7 49.a5 Ra6 50.Re5 Ra8  1/2-1/2

[Event "SWE-chT 9596"]
[Site "?"]
[Date "1996.??.??"]
[Round "?"]
[White "Hultin, Johan"]
[Black "Bergstrom, Peter"]
[Result "1-0"]
[WhiteElo "2300"]
[BlackElo "2325"]

1.d4 d5 2.c4 c6 3.Nf3 Nf6 4.Qc2 dxc4 5.Qxc4 Bf5 6.g3 e6 7.Bg2 Nbd7 8.O-O Bd6
9.Bd2 O-O 10.Bb4 Bxb4 11.Qxb4 Qb6 12.Qa3 c5 13.Nbd2 cxd4 14.Nc4 Qc5 15.Qxc5 Nxc5
16.Nxd4 Be4 17.f3 Bd5 18.Ne5 b6 19.Ndc6 Rfe8 20.e4 Bxc6 21.Nxc6 e5 22.Bh3 a5
23.Rfd1 Ne6 24.Rd6 Nc7 25.Rad1 Nb5 26.R6d2 Na7 27.Nd8 Nb5 28.Nc6 Na7 29.Rc1 Nxc6
30.Rxc6 Rab8 31.Kf2 Kf8 32.Ke3 Re7 33.b3 Ne8 34.Rdc2 Rbb7 35.Rc8 f6 36.Bf1 Kf7
37.Bc4+ Kg6 38.Bd5 Rbc7 39.Rxe8  1-0

[Event "EU-ch U20 Girls"]
[Site "Tapolca"]
[Date "1996.??.??"]
[Round "6"]
[White "Zhurina, Elizaveta"]
[Black "Kononenko, Tatiana"]
[Result "1/2-1/2"]
[WhiteElo "2310"]
[BlackElo "2275"]

1.d4 d5 2.Nf3 c6 3.c4 Nf6 4.Qc2 g6 5.Bf4 Bg7 6.e3 O-O 7.Nc3 Na6 8.cxd5 Nb4
9.Qd2 Nbxd5 10.Be5 Bf5 11.Be2 Nxc3 12.bxc3 Ne4 13.Qb2 f6 14.Bg3 Qa5 15.Rc1 Rac8
16.O-O Nxg3 17.hxg3 Qc7 18.a4 Bg4 19.a5 Kh8 20.Rb1 Rb8 21.Qa2 b6 22.axb6 axb6
23.Qb3 e5 24.Bd3 Qe7 25.dxe5 fxe5 26.Be4 Bf5 27.Qc2 b5 28.Nh2 Qc5  1/2-1/2

[Event "Tel Aviv Cup rapid"]
[Site "Tel Aviv"]
[Date "1996.??.??"]
[Round "1"]
[White "Kaspi, Alexander"]
[Black "Rabinovich, Alexander"]
[Result "1-0"]
[WhiteElo "2475"]
[BlackElo "2340"]

1.d4 d5 2.c4 c6 3.Nf3 dxc4 4.e3 b5 5.a4 e6 6.Nc3 b4 7.Nb1 Ba6 8.Ne5 Qd5 9.Qc2 Nf6
10.Nxc4 c5 11.dxc5 Bxc5 12.b3 O-O 13.Nbd2 Nbd7 14.Bb2 Rac8 15.O-O-O Be7 16.Kb1 Nc5
17.f3 Rfd8 18.e4 Qb7 19.Be2 Nfd7 20.h4 Bf6 21.h5 Bxb2 22.Qxb2 Nb6 23.h6 f6
24.hxg7 Ncxa4 25.bxa4 Nxa4 26.Qxf6 Nc3+ 27.Kb2 Qxg7 28.Qxe6+ Kh8 29.Rxh7+ Qxh7
30.Qxa6 Nxd1+ 31.Bxd1 Qg7+ 32.e5 Rxd2+ 33.Nxd2 Qxe5+ 34.Kb1 Qc7 35.Qh6+ Qh7+
36.Qxh7+ Kxh7 37.Bc2+ Kh6 38.Ne4 a5 39.Kb2 Rg8 40.g3 Rf8 41.f4 Ra8 42.g4 a4
43.g5+ Kg7 44.f5 b3 45.Bb1 Rf8 46.f6+ Kf7  1-0

[Event "Czerniak mem"]
[Site "Tel Aviv"]
[Date "1996.??.??"]
[Round "7"]
[White "Kaspi, Alexander"]
[Black "Bykhovsky, Avigdor"]
[Result "1/2-1/2"]
[WhiteElo "2475"]
[BlackElo "2405"]

1.d4 d5 2.c4 c6 3.Nf3 Nf6 4.Qb3 dxc4 5.Qxc4 Bf5 6.Nc3 e6 7.g3 Nbd7 8.Bg2 Be7
9.O-O O-O 10.e3 Ne4 11.Nd2 Nxd2 12.Bxd2 e5 13.e4 Nb6 14.Qb3 exd4 15.exf5 dxc3
16.Bxc3 Re8 17.a4 Qd7 18.Rad1 Qc7 19.f6 Bxf6 20.Bxf6 gxf6 21.Qb4 Re5 22.Qh4 Qe7
23.Rd4 Re8 24.Rg4+ Rg5 25.Be4 Rxg4 26.Qxg4+ Kh8 27.Bf5 h6 28.Qh4 Kg7 29.Qg4+ Kh8
30.Qh4 Kg7 31.Rd1 Nd5 32.Qg4+ Kh8 33.Qh5 Kg7 34.Qg4+ Kh8 35.Qh3 Kg7 36.Qg4+  1/2-1/2

[Event "CRO-chT"]
[Site "Tucepi"]
[Date "1996.??.??"]
[Round "?"]
[White "Medak, Bojan"]
[Black "Sudar, Boris"]
[Result "1/2-1/2"]
[WhiteElo "2220"]
[BlackElo "2175"]

1.d4 d5 2.c4 c6 3.Nf3 Nf6 4.Qc2 e6 5.g3 Be7 6.Bg2 O-O 7.O-O b6 8.Nbd2 Bb7
9.e4 dxe4 10.Nxe4 Nbd7 11.Rd1 Nxe4 12.Qxe4 Qc8 13.Qe2 Bf6 14.Ne5 Bxe5 15.dxe5 c5
16.Bxb7 Qxb7 17.Bg5 h6 18.Bf4 Rad8 19.Rd6 Nb8 20.Rad1 Qc7 21.Qg4 Kh7  1/2-1/2

[Event "Turin op"]
[Site "Turin"]
[Date "1996.??.??"]
[Round "2"]
[White "Skembris, Spyridon"]
[Black "Bianco, Valerio"]
[Result "1-0"]
[WhiteElo "2420"]
[BlackElo "2215"]

1.d4 d5 2.c4 c6 3.Nf3 dxc4 4.a4 b5 5.g3 Bb7 6.Bg2 Nd7 7.O-O Ngf6 8.b3 cxb3
9.Qxb3 e6 10.axb5 Qb6 11.Nc3 a6 12.Na4 Qxb5 13.Qc2 c5 14.Nc3 Qc6 15.Nh4 Qc8
16.d5 Nxd5 17.Nxd5 exd5 18.Rb1 Bc6 19.Rd1 Nf6 20.Bg5 Qd8 21.e4 d4 22.e5 Bxg2
23.exf6 gxf6 24.Re1+ Kd7 25.Qf5+ Kc6 26.Bxf6  1-0

[Event "Turin op"]
[Site "Turin"]
[Date "1996.??.??"]
[Round "8"]
[White "Wohl, Aleksandar H"]
[Black "Lanzani, Mario"]
[Result "0-1"]
[WhiteElo "2400"]
[BlackElo "2355"]

1.d4 d5 2.Nf3 c6 3.c4 dxc4 4.e3 b5 5.a4 e6 6.axb5 cxb5 7.b3 Bb4+ 8.Bd2 Bxd2+
9.Nbxd2 a5 10.bxc4 b4 11.c5 Nf6 12.Nc4 O-O 13.Bd3 Nc6 14.O-O Ba6 15.Nb6 Bxd3
16.Qxd3 Rb8 17.e4 Rxb6 18.cxb6 Qxb6 19.e5 Nd5 20.Ng5 g6 21.Qh3 h5 22.Nxe6 Re8
23.Ng5 Nf4 24.Qb3 Re7 25.e6 f6 26.Nf3 Ne2+ 27.Kh1 Ncxd4 28.Nxd4 Nxd4 29.Qd5 b3
30.Rad1 Nxe6 31.f4 f5 32.Rfe1 Kf7 33.Qc4 Qb4 34.Qd5 a4 35.Qe5 Nxf4 36.Rd7 Rxd7
37.Qe8+ Kf6 38.Qe5+ Kg5 39.h4+ Kg4 40.Rf1 Qe4 41.Rxf4+ Qxf4 42.Qe2+ Kxh4
43.g3+ Kxg3 44.Qg2+ Kh4 45.Qf2+ Kg5 46.Qg3+ Qg4 47.Qe3+ Kf6  0-1

[Event "Ubeda op"]
[Site "Ubeda"]
[Date "1996.??.??"]
[Round "?"]
[White "Lyrberg, Patrik"]
[Black "Burmakin, Vladimir"]
[Result "1-0"]
[WhiteElo "2425"]
[BlackElo "2535"]

1.d4 d5 2.Nf3 c6 3.c4 dxc4 4.a4 Nf6 5.Nc3 Bf5 6.Ne5 Nbd7 7.Nxc4 e6 8.f3 Bb4
9.e4 Bg6 10.Be2 Qe7 11.O-O e5 12.Na2 exd4 13.Nxb4 Qxb4 14.Bf4 Nb6 15.Bd6 c5
16.Qxd4 cxd4 17.Bxb4 Nxc4 18.Bxc4 O-O-O 19.Rfd1 Kb8 20.Rd2 Nd7 21.Bd6+ Ka8
22.Rxd4 Nb6 23.Bb3 f6 24.Rad1 Be8 25.Bf8  1-0

[Event "UKR-ch (Women)"]
[Site "UKR"]
[Date "1996.??.??"]
[Round "9"]
[White "Litinskaya, Marta I"]
[Black "Gaponenko, Inna"]
[Result "1/2-1/2"]
[WhiteElo "2355"]
[BlackElo "2390"]

1.d4 d5 2.c4 c6 3.Nf3 Nf6 4.Nbd2 Bf5 5.g3 h6 6.Bg2 e6 7.O-O Nbd7 8.b3 Be7
9.Bb2 O-O 10.Ne5 a5 11.a3 Qb6 12.Nxd7 Nxd7 13.e4 dxe4 14.Nxe4 Rfd8 15.Re1 Nf6
16.Nd2 Rd7 17.Ra2 Ne8 18.Qe2 Qa6 19.Ba1 Bf6 20.g4 Bg6 21.Nf3 a4 22.b4 Nd6
23.Rc1 Rad8 24.h4 Be4 25.Ne5 Bxg2 26.Nxd7 Rxd7 27.Kxg2 Bxh4 28.f4 Bd8 29.Rac2 b5
30.cxb5 cxb5  1/2-1/2

[Event "CZE-ch U20"]
[Site "Usti nad Labem"]
[Date "1996.??.??"]
[Round "3"]
[White "Neumann, Peter"]
[Black "Vavra, Pavel"]
[Result "0-1"]
[WhiteElo "2215"]
[BlackElo "2350"]

1.d4 d5 2.c4 c6 3.Nf3 dxc4 4.a4 e6 5.e3 b5 6.axb5 cxb5 7.b3 Bb4+ 8.Bd2 Bxd2+
9.Nbxd2 a5 10.bxc4 b4 11.c5 Nf6 12.Nc4 O-O 13.Nb6 Ra7 14.Ne5 Nfd7 15.Nec4 Nxb6
16.cxb6 Ra6 17.Bd3 Nd7 18.O-O Bb7 19.Nxa5 Rxb6 20.Qb1 Qh4 21.Nxb7 Rxb7 22.Be4 Rb6
23.g3 Qh5 24.Rc1 b3 25.Rc6 Rb4 26.Ra3 Nf6 27.Rc5 e5 28.Bd3 Ng4 29.h4 b2 30.Be2 Qg6
31.Bd3 e4 32.Be2 h5 33.Ra2 Rfb8 34.Kg2 Qf6 35.Bxg4 hxg4 36.Rc2 Qb6 37.Kg1 Qb5
38.Kg2 Qd3  0-1

[Event "Vienna op"]
[Site "Vienna"]
[Date "1996.??.??"]
[Round "8"]
[White "Beck, Hartmuth"]
[Black "Almasi, Istvan"]
[Result "1/2-1/2"]
[WhiteElo "2305"]
[BlackElo "2425"]

1.d4 d5 2.Nf3 c6 3.c4 dxc4 4.a4 e6 5.Nc3 Bb4 6.e3 b5 7.Bd2 a5 8.Rb1 Bxc3
9.bxc3 Qd5 10.Be2 Nd7 11.e4 Qxe4 12.axb5 Ne7 13.Ng5 Qd5 14.Bf3 Qd6 15.bxc6 Nf6
16.O-O O-O 17.Qa4 Nfd5 18.Rb5 Qxc6 19.Ra1 Bd7 20.Qc2 f5 21.Rbxa5 h6 22.Bxd5 Qxd5
23.Rxa8 Rxa8 24.Rxa8+ Qxa8 25.Nf3 Bc6 26.Ne1 Qa1 27.Qc1 Qa2 28.Qc2 Qa1 29.Qc1 Qa2
30.Qc2 Qa5 31.Qb2 Kh7 32.Nc2 Nd5 33.Qa3 Qb5 34.Nb4 Nxb4 35.Qxb4 Qd5  1/2-1/2

[Event "JUG-ch (Women) 1"]
[Site "Vrnjacka Banja"]
[Date "1996.??.??"]
[Round "?"]
[White "Maric, Alisa"]
[Black "Peng, Zhaoqin"]
[Result "1/2-1/2"]
[WhiteElo "2435"]
[BlackElo "2410"]

1.Nf3 d5 2.d4 Nf6 3.c4 c6 4.Qc2 g6 5.Bf4 Bg7 6.e3 Na6 7.a3 Bf5 8.Qb3 Qb6
9.Nbd2 dxc4 10.Bxc4 O-O 11.O-O Ne4 12.Rac1 Nd6 13.Qxb6 axb6 14.Bb3 Rad8 15.Rfe1 Ne4
16.Nxe4 Bxe4 17.Nd2 Bd5 18.Bxd5 Rxd5 19.Nc4 b5 20.Na5 Rd7 21.b4 Ra8 22.Red1 e6
23.Kf1 Bf6 24.Ke2 Bd8 25.Nb3 f6 26.Rd3 Kf7 27.e4 Be7 28.Rcd1 Rad8 29.g4 Nc7
30.Nc5 Bxc5 31.Bxc7 Rxc7 32.dxc5 Rxd3 33.Rxd3 Ke7 34.f4 Rd7 35.Rxd7+ Kxd7  1/2-1/2

[Event "JUG-ch (Women) 1"]
[Site "Vrnjacka Banja"]
[Date "1996.??.??"]
[Round "?"]
[White "Maric, Alisa"]
[Black "Ruchieva, Natalia"]
[Result "1-0"]
[WhiteElo "2435"]
[BlackElo "2255"]

1.Nf3 d5 2.d4 Nf6 3.c4 c6 4.Qc2 e6 5.Nbd2 Nbd7 6.a3 Bd6 7.e4 dxe4 8.Nxe4 Nxe4
9.Qxe4 c5 10.Be3 Nf6 11.Qc2 cxd4 12.Bxd4 Bf4 13.g3 Bh6 14.Rd1 Bd7 15.Bg2 Qa5+
16.Bc3 Qa4 17.b3 Qxa3 18.Ne5 Qe7 19.Bxb7 Rb8 20.Nc6 Bxc6 21.Bxc6+ Kf8 22.Be5 Rd8
23.O-O Ne8 24.Rxd8 Qxd8 25.Rd1 Qc8 26.Bd7 Qc5 27.Bd4 Qc7 28.Bb2 Bg5 29.Bxe8 Kxe8
30.Bxg7  1-0

[Event "Wattens op"]
[Site "Wattens"]
[Date "1996.??.??"]
[Round "7"]
[White "Ferrari, Josef"]
[Black "Niedermayer, Anton"]
[Result "1/2-1/2"]
[WhiteElo "2165"]
[BlackElo "2030"]

1.d4 d5 2.c4 c6 3.Nf3 Nf6 4.g3 g6 5.Bg2 Bg7 6.Nc3 O-O 7.O-O dxc4 8.Ne5 Be6
9.e4 Nbd7 10.f4 Nxe5 11.fxe5 Bg4 12.Qd2 Ne8 13.h3  1/2-1/2

[Event "Werfen op-A"]
[Site "Werfen"]
[Date "1996.??.??"]
[Round "7"]
[White "Raetsky, Alexander"]
[Black "Mathe, Gaspar"]
[Result "1/2-1/2"]
[WhiteElo "2455"]
[BlackElo "2390"]

1.d4 Nf6 2.c4 c6 3.Nf3 d5 4.Qc2 g6 5.Bf4 Bg7 6.e3 O-O 7.Nc3 Qa5 8.Rc1 Na6
9.cxd5 Nxd5 10.Be5 c5 11.Bxg7 Kxg7 12.Bxa6 Nb4 13.Qa4 Qxa6 14.Qxa6 bxa6 15.Ke2 cxd4
16.Nxd4 Bb7 17.e4 Rfd8 18.Rhd1 Rac8 19.a3 Nc6 20.Nxc6 Bxc6 21.Ke3 f5 22.Rxd8 Rxd8
23.f3 e5 24.exf5 gxf5 25.g3 Kf6 26.Rd1 Rxd1 27.Nxd1 h6 28.f4 Ke6 29.Nf2 Bb5
30.Nd1 Ba4 31.Nc3 Bb3 32.Nb1 Bc2 33.Nd2 Kd5 34.Nf3 exf4+ 35.Kxf4 Kc4 36.Nh4 Kb3
37.Nxf5 Kxb2 38.Nxh6 Kxa3 39.Nf5 a5 40.h4 a4 41.h5 Bb3 42.Ne7 Bc2  1/2-1/2

[Event "Winterthur-B"]
[Site "Winterthur"]
[Date "1996.??.??"]
[Round "4"]
[White "Wittwer, Moritz"]
[Black "Benz, Rolf"]
[Result "1-0"]
[WhiteElo "2170"]
[BlackElo "2170"]

1.d4 d5 2.Nf3 c6 3.c4 Nf6 4.Qc2 g6 5.Nc3 dxc4 6.e4 Bg4 7.Bxc4 Bxf3 8.Qb3 e6
9.Qxb7 Bxg2 10.Rg1 Nbd7 11.Rxg2 Bg7 12.e5 Nd5 13.Bg5 Qb8 14.Qxc6 O-O 15.Bxd5 exd5
16.Qxd7 Qxb2 17.Rc1 f6 18.Qxd5+ Kh8 19.exf6 Rae8+ 20.Kf1 Bxf6 21.Qb3 Qxb3
22.Bxf6+ Rxf6 23.axb3  1-0

[Event "Yalta op"]
[Site "Yalta"]
[Date "1996.??.??"]
[Round "11"]
[White "Biriukov, Nikolai"]
[Black "Getmanchuk, Andrei V"]
[Result "0-1"]
[WhiteElo "2240"]
[BlackElo "2155"]

1.d4 d5 2.Nf3 Nf6 3.c4 c6 4.Qc2 g6 5.Bf4 Na6 6.c5 Bg7 7.e3 Nc7 8.Bd3 O-O
9.O-O Nh5 10.Bg5 Qe8 11.Be2 f6 12.Bh4 Bh6 13.Nfd2 Ng7 14.Bg3 Qd8 15.Nc3 Nf5
16.b4 e5 17.Nb3 Nxg3 18.hxg3 e4 19.a4 f5 20.b5 g5 21.f3 exf3 22.gxf3 Qe7
23.e4 fxe4 24.fxe4 Bh3 25.Rxf8+ Rxf8 26.Re1 Qf7 27.Bd1 g4 28.Qe2 dxe4 29.Nxe4 Nd5
30.Qd3 Be3+ 31.Kh2 Bf1 32.Be2 Qh5+  0-1

[Event "Yerevan ol (Men)"]
[Site "Yerevan"]
[Date "1996.??.??"]
[Round "3"]
[White "Haba, Petr"]
[Black "Reefat bin Satter"]
[Result "1-0"]
[WhiteElo "2485"]
[BlackElo "2465"]

1.d4 d5 2.c4 c6 3.Nf3 dxc4 4.e3 b5 5.a4 e6 6.axb5 cxb5 7.b3 Bb4+ 8.Bd2 Bxd2+
9.Nbxd2 a5 10.bxc4 b4 11.Ne5 Nf6 12.Qa4+ Nfd7 13.Be2 O-O 14.Bf3 Ra7 15.Nd3 e5
16.d5 f5 17.Nxb4 Nc5 18.Qa3 Qd6 19.O-O axb4 20.Qxa7 Nba6 21.Ra5 Bb7 22.Rb5  1-0

[Event "Yerevan ol (Men)"]
[Site "Yerevan"]
[Date "1996.??.??"]
[Round "3"]
[White "Adams, Michael"]
[Black "Rausis, Igors"]
[Result "1/2-1/2"]
[WhiteElo "2685"]
[BlackElo "2495"]

1.d4 d5 2.c4 c6 3.Nf3 dxc4 4.e3 b5 5.a4 e6 6.axb5 cxb5 7.b3 Bb4+ 8.Bd2 Bxd2+
9.Nbxd2 a5 10.bxc4 b4 11.Ne5 Nf6 12.Qa4+ Nfd7 13.c5 O-O 14.Ndc4 Nxe5 15.Nxe5 Bb7
16.c6 Ba6 17.Bxa6 Rxa6 18.O-O f6 19.Nd3 Rxc6 20.Nc5 Rf7 21.Qxa5 Qxa5 22.Rxa5 Rb6
23.Ra8 Re7 24.Rb1 Kf7 25.Kf1 Rc7 26.Ra4 Nc6 27.Nd3 Rcb7 28.Ke2 Rb5 29.Ra6 R7b6
30.Rxb6 Rxb6 31.Nc5 e5 32.d5 Rb5 33.dxc6  1/2-1/2

[Event "Yerevan ol (Women)"]
[Site "Yerevan"]
[Date "1996.??.??"]
[Round "6"]
[White "Koshnitsky, Ngan Phan"]
[Black "Hlgatian, Goar"]
[Result "1/2-1/2"]
[WhiteElo "2085"]
[BlackElo "2175"]

1.d4 d5 2.c4 c6 3.Nf3 Nf6 4.Qc2 e6 5.Bf4 Bd6 6.Bxd6 Qxd6 7.e3 Nbd7 8.Nc3 O-O
9.cxd5 exd5 10.Bd3 Re8 11.O-O Nf8 12.Ne5 Ng4 13.Nxg4 Bxg4 14.h3 Bh5 15.Na4 Bg6
16.Nc5 b6 17.Bxg6 bxc5 18.Bf5 cxd4 19.exd4 g6 20.Bg4 h5 21.Bf3 Ne6 22.Rfd1 Rac8
23.Qd2 Rb8 24.Rac1 Rb6 25.b3 Reb8 26.h4 Rb4 27.Qe3 a5 28.g3 a4 29.Rc3 axb3
30.axb3 R8b6 31.Bg2 Qb8 32.Bh3 Rxb3 33.Bxe6 Rxc3 34.Bxf7+ Kxf7 35.Qxc3 Rb1
36.Rxb1 Qxb1+ 37.Kg2 Qb6 38.Qe3 Qc7  1/2-1/2

[Event "Yerevan ol (Men)"]
[Site "Yerevan"]
[Date "1996.??.??"]
[Round "6"]
[White "Nalbandian, Tigran"]
[Black "Godena, Michele"]
[Result "1/2-1/2"]
[WhiteElo "2490"]
[BlackElo "2550"]

1.d4 d5 2.Nf3 Nf6 3.c4 c6 4.Qc2 dxc4 5.Qxc4 Bf5 6.g3 e6 7.Bg2 Be7 8.O-O O-O
9.Nc3 Nbd7 10.e3 Ne4 11.Qe2 Qa5 12.Bd2 Nxd2 13.Nxd2 Qb6 14.Nc4 Qa6 15.Rfe1 Rfd8
16.e4 Bg6 17.d5 Nb6 18.Ne5 Qxe2 19.Rxe2 Bh5 20.dxc6 Bxe2 21.cxb7 Rab8 22.Nc6 Rxb7
23.Nxd8 Bxd8 24.Nxe2 Rd7 25.Nc3 Bf6 26.Rd1 Rxd1+ 27.Nxd1 Na4 28.b4 Nc3 29.Nxc3 Bxc3
30.a3 Bb2 31.a4 Bc3 32.b5 e5 33.Bf1 Kf8 34.Bc4 Ke7 35.Kf1 f6 36.Ke2 Kd6 37.f4 Ba5
38.Bg8 h6 39.Kf3 Ke7 40.Kg4 Bc7 41.Kf5 exf4 42.gxf4 g5 43.e5 fxe5 44.fxe5 g4
45.e6 h5 46.Bf7 Bxh2 47.Bxh5 g3 48.Bf3 Bg1 49.a5 Bf2 50.Ke5 Bg1 51.Bg2 Bf2
52.Bh3 Bc5 53.Kd5 Bf2  1/2-1/2

[Event "Yerevan ol (Men)"]
[Site "Yerevan"]
[Date "1996.??.??"]
[Round "7"]
[White "Bischoff, Dieter"]
[Black "Kosic, Dragan"]
[Result "1/2-1/2"]
[WhiteElo "2195"]
[BlackElo "2530"]

1.d4 d5 2.c4 c6 3.Nf3 Nf6 4.Qc2 e6 5.g3 Be7 6.Bg2 O-O 7.O-O b6 8.b3 Bb7 9.Nc3 Nbd7
10.Bb2 c5 11.cxd5 Nxd5 12.Nxd5 Bxd5 13.e4 Bb7 14.Rfd1 Qc8 15.d5 exd5 16.exd5 Bf6
17.Bh3 Qd8 18.Rd2 Bxb2 19.Qxb2 Re8 20.Nh4 g6 21.Rad1 Qe7 22.Ng2 Qd6 23.Ne3 Ne5
24.Bg2 b5 25.Re2 h5 26.Rde1 Qd7 27.Qc2 Qd6 28.Qc3  1/2-1/2

[Event "Yerevan op"]
[Site "Yerevan"]
[Date "1996.??.??"]
[Round "10"]
[White "Raetsky, Alexander"]
[Black "Edzgveradze, Natalia"]
[Result "1-0"]
[WhiteElo "2485"]
[BlackElo "2305"]

1.d4 d5 2.c4 c6 3.Nf3 Nf6 4.Qc2 dxc4 5.Qxc4 Bf5 6.g3 Nbd7 7.Bg2 e6 8.O-O Nb6
9.Qb3 Qd5 10.Qd1 Bxb1 11.Rxb1 Qxa2 12.Bg5 Qa5 13.Ne5 Nfd7 14.Bd2 Qb5 15.Nd3 Qc4
16.b4 a6 17.Nc5 Ra7 18.e3 Nc8 19.Qf3 Qc2 20.Rfd1 Qf5 21.Qe2 Bd6 22.e4 Qg6
23.Be3 Ncb6 24.d5 cxd5 25.exd5 e5 26.Be4 f5 27.Bc2 O-O 28.Ne6 Rf7 29.Bb3 Ra8
30.Bc5 Nc8 31.Rbc1 a5 32.Nd8 Rf8 33.Nxb7 axb4 34.Bxd6 Nxd6 35.Rc6 Rf6 36.Nxd6 Rxd6
37.Rdc1 Rd8 38.Qb5 Nf6 39.Qxb4 Qe8 40.Rxd6 Qe7 41.Rb6  1-0

[Event "Yerevan ol (Men)"]
[Site "Yerevan"]
[Date "1996.??.??"]
[Round "11"]
[White "Kurajica, Bojan"]
[Black "Magem Badals, Jorge"]
[Result "1-0"]
[WhiteElo "2490"]
[BlackElo "2570"]

1.d4 d5 2.c4 c6 3.Qc2 Nf6 4.Nf3 dxc4 5.Qxc4 Bf5 6.Nc3 Nbd7 7.g3 e6 8.Bg2 Be7
9.O-O Ne4 10.Ne1 Nd6 11.Qb3 Qb6 12.Qa4 e5 13.dxe5 Nxe5 14.Nd5 Qd8 15.Bf4 Nd7
16.Nxe7 Qxe7 17.Qd4 Nb5 18.Qxg7 O-O-O 19.Bg5 Qf8 20.Qxf8 Rdxf8 21.e4 Be6
22.Nc2 f6 23.Be3 c5 24.b4 Rd8 25.bxc5 Ne5 26.Kh1 Bc4 27.Rg1 h5 28.h3 Nc3
29.Nd4 Bd3 30.Rac1 Nxa2 31.Ra1 Bc4  1-0

[Event "Zalakaros op"]
[Site "Zalakaros"]
[Date "1996.??.??"]
[Round "3"]
[White "Konopka, Michal"]
[Black "Waller, Helmut"]
[Result "1-0"]
[WhiteElo "2405"]
[BlackElo "2205"]

1.Nf3 d5 2.d4 c6 3.c4 Nf6 4.Qb3 dxc4 5.Qxc4 Bf5 6.Nc3 Nbd7 7.g3 e6 8.Bg2 Be7
9.Bg5 O-O 10.O-O h6 11.Bxf6 Nxf6 12.Rfd1 Ne4 13.Ne1 Nxc3 14.bxc3 Qa5 15.e4 Bg4
16.f3 Bh5 17.Nd3 Bg6 18.Rab1 Qc7 19.Bh3 Bd6 20.e5 Be7 21.Rb2 Bxd3 22.Rxd3 Rfd8
23.f4 Qd7 24.Bg2 Rab8 25.Be4 g6 26.g4 Bf8 27.f5 Qe8 28.fxg6 fxg6 29.Rf3 Bg7
30.Qd3 Qe7 31.Bxg6 Qg5 32.Rbf2 Rf8 33.Bf7+ Kh8 34.Bxe6 Rxf3 35.Rxf3 c5 36.Bb3 c4
37.Bxc4 Rc8 38.Bb3 Qc1+ 39.Kg2 Qb2+ 40.Bc2  1-0

[Event "Zalakaros op"]
[Site "Zalakaros"]
[Date "1996.??.??"]
[Round "9"]
[White "Honsch, Pal"]
[Black "Benesch, Heribert"]
[Result "0-1"]
[WhiteElo "2120"]
[BlackElo "2055"]

1.d4 d5 2.c4 c6 3.Nf3 Nf6 4.g3 Bf5 5.cxd5 cxd5 6.Nc3 e6 7.Bg2 Nc6 8.O-O h6
9.Qb3 Qb6 10.Qxb6 axb6 11.Nb5 Rc8 12.Bf4 Be7 13.Bd6 Kd7 14.Ne5+ Nxe5 15.Bxe5 Rc2
16.Nc3 Rxb2 17.f3 Rc8 18.e4 Rxc3 19.exf5 Rcc2 20.fxe6+ fxe6 21.Bh1 Ne8 22.f4 g6
23.g4 Nd6 24.f5 gxf5 25.gxf5 Nxf5 26.Bxd5 Ne3 27.Be4 Nxf1 28.Bxc2 Rxc2 29.Kxf1 Bg5
30.Rb1 Kc6 31.a3 Rc1+ 32.Rxc1+ Bxc1 33.a4 Kd5 34.Ke2 Ke4 35.Bc7 Kxd4 36.Bxb6+ Ke4
37.a5 Bf4 38.h3 Bd6 39.Bd8 Kf4 40.h4 Bc5 41.Bc7+ Kg4 42.Kd3 Be7 43.Ke4 Bxh4
44.Kd4 Bf2+ 45.Ke4 h5 46.Bd8 Bg3 47.Kd4 h4 48.Bxh4 Kxh4  0-1

[Event "Zaragoza-B op"]
[Site "Zaragoza"]
[Date "1996.??.??"]
[Round "?"]
[White "Asensio Soto, Fermin"]
[Black "Hernandez, Yadira"]
[Result "1/2-1/2"]
[WhiteElo "2125"]
[BlackElo "2245"]

1.d4 d5 2.Nf3 c6 3.c4 dxc4 4.a4 e6 5.Nc3 Bb4 6.e3 b5 7.Ne5 Bb7 8.Be2 Nf6
9.O-O a6 10.Bf3 Qb6 11.Bd2 Be7 12.b3 b4 13.Nxc4 Qc7 14.Ne4  1/2-1/2